Acidez de los suelos y efectos del encalado

שמור ב:
מידע ביבליוגרפי
Main Authors: Bernier Villarroel, René (Author), Alfaro Valenzuela, Marta Andrea (Author)
פורמט: ספר
שפה:ספרדית
יצא לאור: Osorno INIA 2006
נושאים:
תגים: הוספת תג
אין תגיות, היה/י הראשונ/ה לתייג את הרשומה!

MARC

LEADER 00000nam a2200000 a 4500
001 UCJ2221
003 CL-VaPUC
008 061201e20060000CL |||||||||||||||||spa|d
082 0 4 |a 631.4  |b BER  |2 21 
100 0 |a Bernier Villarroel, René  |e author  |9 503154 
700 0 |a Alfaro Valenzuela, Marta Andrea  |e author  |9 503155 
245 1 0 |a Acidez de los suelos y efectos del encalado 
300 |a 46 p 
942 |c BK 
945 |d 20061201 00:00:00  |a jtorresc 
260 |a Osorno  |b INIA  |c 2006 
650 0 |a Acidez del suelo  |9 392639 
650 0 |a Fertilidad de los suelos  |9 503156 
650 7 |a CLASIFICACION DE SUELOS  |2 CL-VaPUC  |9 503157 
650 7 |a RECURSOS DE LOS SUELOS  |2 CL-VaPUC  |9 503158 
650 7 |a CONSERVACION DE LOS SUELOS  |2 CL-VaPUC  |9 399949 
583 |a last modification  |c 20190725 11:06:42  |k Rodrigo Vera 
999 |c 318571  |d 318569 
952 |0 0  |1 0  |4 0  |6 631_400000000000000_BER_2006  |7 0  |8 A  |9 396430  |a BIBAGR  |b BIBAGR  |d 2019-11-22  |i 4301374  |o 631.4 BER 2006  |p 4301374  |r 2025-01-20  |w 2019-11-22  |y BK  |k AGR